000 00812nam a2200193 u 4500
001 000386881
003 AM-YeHGA
005 20250617132221.0
008 041124s1981 ||||||||||||||||||||rus d
040 _aAM-YeHGA
041 0 _arus
100 1 _aВиноградов, Вячеслав Иванович
245 1 0 _aДискретные информационные системы в научных исследованиях :
_bПрограммное обеспечение модульных ИВС /
_cВ.И. Виноградов.
260 _aМосква :
_bЭнергоиздат,
_c1981.
300 _a208 с. :
_bил. 21, табл. 28.
504 _aБиблиогр. 37 назв.
650 1 4 _aДискретные системы управления (автоматика)
090 _c148578
999 _c147191
_d147191